Missing Word: 'Q' Names Quiz Stats

 Plays Quiz Updated Jun 20, 2018

Challenge
Share
Tweet
Embed
Score 0/20 Timer 02:00
1 Play Today
Full Name Missing Name % Correct
_____ LatifahQueen
94.3%
John _____ AdamsQuincy
89.6%
Doctor _____Quinn
83.2%
_____ TarantinoQuentin
82.8%
_____Draw McGrawQuick
74.4%
Dennis _____Quaid
69.1%
Don _____Quixote
66.6%
Dan _____Quayle
62.6%
Jonny _____Quest
53.3%
Glenn _____Quagmire
47.2%
Full Name Missing Name % Correct
Zachary _____Quinto
41%
Mayor Joseph _____Quimby
36.7%
_____ JinnQui-Gon
31.1%
Quirinus _____Quirrell
30.4%
Kathleen _____Quinlan
25.6%
Robin _____Quivers
21.2%
Peter _____Quince
12.8%
Allan _____Quatermain
9.8%
Vidkun _____Quisling
9.4%
Anna _____Quindlen
7.3%

Today's Daily Dose

You're not logged in!

Compare scores with friends on all Sporcle quizzes.
Join for Free
OR
Log In

You Might Also Like...

Show Comments

Extras

Top Quizzes Today


Score Distribution

Your Account Isn't Verified!

In order to create a playlist on Sporcle, you need to verify the email address you used during registration. Go to your Sporcle Settings to finish the process.

Report this User

Report this user for behavior that violates our Community Guidelines.

Details: